[Event "POL-chT 2nd League"]
[Site "Jastrzebia Gora"]
[Date "2023.09.10"]
[Round "9.60"]
[White "Uliasz, Katarzyna"]
[Black "Bednarska, Malgorzata"]
[Result "0-1"]
[WhiteElo "1764"]
[BlackElo "1907"]
[PlyCount "98"]
[EventDate "2023.09.02"]
[EventType "team-swiss"]
[EventRounds "9"]
[EventCountry "POL"]
[SourceTitle "EXT 2024"]
[Source "ChessBase"]
[SourceDate "2023.10.10"]
[SourceVersion "1"]
[SourceVersionDate "2023.10.10"]
[SourceQuality "1"]
[WhiteTeam "Myslenice MAT"]
[BlackTeam "Warszawa YMCA"]
[WhiteTeamCountry "POL"]
[BlackTeamCountry "POL"]

1. g3 Nf6 2. Bg2 g6 3. c4 d5 4. cxd5 Nxd5 5. Nc3 Nb6 6. Nf3 Bg7 7. 0-0 Nc6 8. d3 0-0 9. Be3 e5 10. Qd2 Re8 11. Bh6 Bh8 12. Rac1 Nd4 13. Nxd4 exd4 14. Ne4 Nd5 15. Rc5 c6 16. h4 Bg4 17. f3 Be6 18. h5 Qe7 19. hxg6 hxg6 20. Rcc1 Ne3 21. Bg5 Nxf1 22. Rxf1 f6 23. Bh6 Bg7 24. a3 Rad8 25. g4 Kf7 26. Bxg7 Kxg7 27. g5 fxg5 28. Nxg5 Bf5 29. f4 Qxe2 30. Qb4 Qe3+ 31. Rf2 Bxd3 32. Qxb7+ Re7 33. Qxc6 Qe1+ 34. Bf1 Bxf1 35. Rxf1 Qg3+ 36. Qg2 Qxg2+ 37. Kxg2 Re2+ 38. Kf3 Re3+ 39. Kg4 d3 40. Rd1 d2 41. Nf3 Rdd3 42. Rxd2 Rxf3 43. Rg2 Kf6 44. a4 a5 45. b4 axb4 46. a5 Ra3 47. a6 Rfe3 48. f5 gxf5+ 49. Kf4 Re4# 0-1

[Event "POL-chT 2nd League"]
[Site "Jastrzebia Gora"]
[Date "2023.09.09"]
[Round "8.78"]
[White "Dranka, Jowita"]
[Black "Uliasz, Katarzyna"]
[Result "0-1"]
[WhiteElo "1636"]
[BlackElo "1764"]
[PlyCount "109"]
[EventDate "2023.09.02"]
[EventType "team-swiss"]
[EventRounds "9"]
[EventCountry "POL"]
[SourceTitle "EXT 2024"]
[Source "ChessBase"]
[SourceDate "2023.10.10"]
[SourceVersion "1"]
[SourceVersionDate "2023.10.10"]
[SourceQuality "1"]
[WhiteTeam "Zarow Goniec"]
[BlackTeam "Myslenice MAT"]
[WhiteTeamCountry "POL"]
[BlackTeamCountry "POL"]

1. e4 c5 2. Nf3 d6 3. d4 cxd4 4. Nxd4 Nf6 5. Nc3 a6 6. Be2 e6 7. Be3 b5 8. a3 Bb7 9. f3 d5 10. exd5 Nxd5 11. Nxd5 Bxd5 12. 0-0 Be7 13. f4 Bf6 14. c3 0-0 15. Bf3 Bxf3 16. Qxf3 Nd7 17. Rad1 Qc7 18. Qg4 Kh8 19. Nf3 Nb6 20. Bd4 Bxd4+ 21. Nxd4 Nc4 22. Qe2 e5 23. fxe5 Qxe5 24. Qxe5 Nxe5 25. Rd2 Nc4 26. Rdf2 f6 27. Ne6 Rf7 28. Rd1 Re8 29. Rd8 Rxd8 30. Nxd8 Rd7 31. Ne6 Rd1+ 32. Rf1 Nxb2 33. Rxd1 Nxd1 34. Nc7 Nxc3 35. Nxa6 Nb1 36. Kf2 Nxa3 37. Nb4 Kg8 38. Ke2 Kf7 39. Kd2 Ke6 40. Kc3 Kf5 41. Kd3 g5 42. Nc6 h5 43. Nd4+ Ke5 44. Nf3+ Kd5 45. Nd2 Nc4 46. Ne4 Ne5+ 47. Ke3 Nd7 48. Ng3 h4 49. Ne4 b4 50. g3 hxg3 51. hxg3 b3 52. Nd2 Nc5 53. Kf3 b2 54. Ke3 f5 55. Nb1 0-1

[Event "POL-chT 2nd League"]
[Site "Jastrzebia Gora"]
[Date "2023.09.04"]
[Round "3.96"]
[White "Uliasz, Katarzyna"]
[Black "Andrzejewska, Anna"]
[Result "1/2-1/2"]
[WhiteElo "1764"]
[BlackElo "1944"]
[PlyCount "36"]
[EventDate "2023.09.02"]
[EventType "team-swiss"]
[EventRounds "9"]
[EventCountry "POL"]
[SourceTitle "EXT 2024"]
[Source "ChessBase"]
[SourceDate "2023.10.10"]
[SourceVersion "1"]
[SourceVersionDate "2023.10.10"]
[SourceQuality "1"]
[WhiteTeam "Myslenice MAT"]
[BlackTeam "Zakrzewo Korona"]
[WhiteTeamCountry "POL"]
[BlackTeamCountry "POL"]

1. e4 e5 2. Nf3 Nc6 3. Bb5 a6 4. Ba4 Nf6 5. 0-0 b5 6. Bb3 Bc5 7. Re1 d6 8. c3 Bb6 9. h3 0-0 10. d4 h6 11. Be3 Re8 12. dxe5 dxe5 13. Qxd8 Rxd8 14. Bxb6 cxb6 15. Nbd2 Bb7 16. Nf1 Rd7 17. Ng3 g6 18. Rad1 Rad8 1/2-1/2

[Event "POL-ch U18 Girls"]
[Site "Jastrzebia Gora"]
[Date "2023.??.??"]
[Round "4"]
[White "Bychowska, Marta"]
[Black "Uliasz, Katarzyna"]
[Result "1/2-1/2"]
[WhiteElo "1388"]
[BlackElo "1670"]
[PlyCount "74"]
[EventDate "2023.03.11"]
[EventType "swiss"]
[EventRounds "9"]
[EventCountry "POL"]
[SourceTitle "CBM 213 Extra"]
[Source "ChessBase"]
[SourceDate "2023.05.31"]
[SourceVersion "1"]
[SourceVersionDate "2023.05.31"]
[SourceQuality "1"]

1. d4 Nf6 2. c4 g6 3. Nc3 Bg7 4. e4 d6 5. Nf3 0-0 6. Be2 Nbd7 7. 0-0 e5 8. Re1 a5 9. d5 Nc5 10. Qc2 Nh5 11. Nd2 Nf4 12. Nb3 Nxe2+ 13. Qxe2 b6 14. Nxc5 bxc5 15. a4 f5 16. f3 f4 17. Nb5 h5 18. Bd2 g5 19. h3 Bf6 20. Rf1 Rf7 21. Kf2 g4 22. Ke1 Bh4+ 23. Kd1 gxh3 24. gxh3 Rg7 25. Qh2 Bg3 26. Qg2 Bd7 27. Kc2 h4 28. Rh1 Qc8 29. Rag1 Rg6 30. b3 Kh7 31. Qf1 c6 32. dxc6 Qxc6 33. Bc3 Qb6 34. Bd2 Bxb5 35. cxb5 Ra7 36. Bc1 Rd7 37. Qd3 Rc7 1/2-1/2

[Event "POL-ch U18 Girls"]
[Site "Jastrzebia Gora"]
[Date "2023.??.??"]
[Round "2"]
[White "Uliasz, Katarzyna"]
[Black "Goraj, Barbara"]
[Result "1/2-1/2"]
[WhiteElo "1670"]
[BlackElo "2130"]
[PlyCount "136"]
[EventDate "2023.03.11"]
[EventType "swiss"]
[EventRounds "9"]
[EventCountry "POL"]
[SourceTitle "CBM 213 Extra"]
[Source "ChessBase"]
[SourceDate "2023.05.31"]
[SourceVersion "1"]
[SourceVersionDate "2023.05.31"]
[SourceQuality "1"]

1. g3 d5 2. Nf3 c5 3. Bg2 Nf6 4. 0-0 Nc6 5. d3 e6 6. Nbd2 b6 7. e4 Bb7 8. Re1 Be7 9. c3 h6 10. h4 a5 11. e5 Nd7 12. h5 Qc7 13. Qe2 Ba6 14. Nf1 0-0-0 15. Bd2 Rdg8 16. a4 g6 17. hxg6 Rxg6 18. Rac1 Kb8 19. Bf4 Ka7 20. Ne3 Qd8 21. Nc2 Bg5 22. Bxg5 hxg5 23. b4 g4 24. Nh4 Ncxe5 25. Nxg6 Nxg6 26. b5 Bb7 27. Qxg4 Nge5 28. Qe2 Qg8 29. d4 Nc4 30. Ne3 Nd6 31. Qg4 Qh7 32. Red1 Ne4 33. Bxe4 dxe4 34. Kf1 f5 35. Qf4 Qh5 36. Ke1 Rc8 37. Kd2 Nf6 38. Rh1 Qf7 39. Qh6 Qe7 40. Ke2 cxd4 41. cxd4 Rd8 42. Rhd1 Nh7 43. Qf4 Rd7 44. Rc4 Ng5 45. d5 exd5 46. Nxd5 Qa3 47. Rc3 Qxa4 48. Qxg5 Qxb5+ 49. Ke3 Rxd5 50. Rxd5 Qxd5 51. Qf6 a4 52. Kf4 Qd2+ 53. Kxf5 Qxf2+ 54. Ke5 Qd2 55. Ke6 e3 56. Qe5 Qa2+ 57. Kf6 Qf2+ 58. Ke7 Ka6 59. Rxe3 Bc6 60. Re2 Qf3 61. Re3 Qd5 62. Qxd5 Bxd5 63. Kd6 Bc4 64. g4 Ka5 65. Kc6 Bb5+ 66. Kb7 Bc4 67. Kc6 Bb5+ 68. Kb7 Bc4 1/2-1/2

[Event "Polanica Zdroj op-B 58th"]
[Site "Polanica Zdroj"]
[Date "2022.08.15"]
[Round "3"]
[White "Twardowski, Hubert"]
[Black "Uliasz, Katarzyna"]
[Result "1-0"]
[WhiteElo "1849"]
[BlackElo "1566"]
[PlyCount "87"]
[EventDate "2022.08.13"]
[EventType "swiss"]
[EventRounds "9"]
[EventCountry "POL"]
[SourceTitle "CBM 210 Extra"]
[Source "ChessBase"]
[SourceDate "2022.11.30"]
[SourceVersion "1"]
[SourceVersionDate "2022.11.30"]
[SourceQuality "1"]

1. e4 c5 2. Nf3 d6 3. d4 cxd4 4. Nxd4 Nf6 5. Nc3 g6 6. Be3 Bg7 7. f3 0-0 8. Qd2 Nc6 9. 0-0-0 d5 10. exd5 Nxd5 11. Nxc6 bxc6 12. Bd4 e5 13. Bc5 Be6 14. Ne4 Qb8 15. Bc4 Rd8 16. h4 h6 17. g4 a5 18. a4 Qc7 19. Qf2 Rab8 20. h5 g5 21. Ba3 Bf8 22. Bxf8 Kxf8 23. Qc5+ Kg7 24. Rhe1 Rb4 25. Bb3 Qb7 26. Rd3 Rb8 27. Nd6 Qa6 28. Nc4 Nf4 29. Qxe5+ Kg8 30. Rc3 Nd5 31. Rd3 Nf4 32. Rd4 c5 33. Rd6 Qa7 34. Qe4 Qc7 35. Red1 Bxc4 36. Bxc4 Rxa4 37. Bxf7+ Qxf7 38. Rd8+ Rxd8 39. Rxd8+ Kg7 40. Qe5+ Qf6 41. Rd7+ Kg8 42. Qxf6 Ne2+ 43. Kd2 Rf4 44. Qg7# 1-0

[Event "POL-chT 2nd League"]
[Site "Sypniewo"]
[Date "2021.09.12"]
[Round "9.17"]
[White "Szmacinska, Grazyna"]
[Black "Uliasz, Katarzyna"]
[Result "0-1"]
[WhiteElo "2056"]
[BlackElo "1569"]
[PlyCount "98"]
[EventDate "2021.09.04"]
[EventType "team-swiss"]
[EventRounds "9"]
[EventCountry "POL"]
[SourceTitle "CBM 204 Extra"]
[Source "ChessBase"]
[SourceDate "2021.11.30"]
[SourceVersion "1"]
[SourceVersionDate "2021.11.30"]
[SourceQuality "1"]
[WhiteTeam "Lodz Okucia Budowlane"]
[BlackTeam "Myslenice MAT"]
[WhiteTeamCountry "POL"]
[BlackTeamCountry "POL"]

1. d4 Nf6 2. Nf3 g6 3. g3 Bg7 4. Bg2 0-0 5. 0-0 d6 6. c4 Nbd7 7. Qc2 e5 8. Rd1 Re8 9. Nc3 c6 10. e4 Qe7 11. d5 c5 12. a3 Nh5 13. b4 b6 14. Be3 Rf8 15. Nb5 a6 16. Nc3 f5 17. bxc5 bxc5 18. exf5 gxf5 19. Bg5 Qf7 20. Bh4 h6 21. Nd2 Rb8 22. Rab1 Rxb1 23. Rxb1 Qg6 24. f3 Bf6 25. Bxf6 Nhxf6 26. Bh3 Nh5 27. Nf1 Nf4 28. Bg2 Nxg2 29. Kxg2 e4 30. f4 Qf6 31. Ne2 h5 32. Ne3 Qg7 33. Qc3 Qxc3 34. Nxc3 Kf7 35. Nxf5 Nf6 36. Nxd6+ Ke7 37. Nxc8+ Rxc8 38. Rb7+ Kd8 39. Rf7 Ng4 40. Nxe4 Ne3+ 41. Kf3 Nxc4 42. f5 Ne5+ 43. Kf4 Nxf7 44. h3 c4 45. Nc3 Rb8 46. Ke4 Rb3 47. Kd4 Rxa3 48. g4 hxg4 49. hxg4 Nh6 0-1

[Event "POL-chT 2nd League"]
[Site "Sypniewo"]
[Date "2021.09.11"]
[Round "8.15"]
[White "Uliasz, Katarzyna"]
[Black "Bursa, Renata"]
[Result "0-1"]
[WhiteElo "1569"]
[BlackElo "1914"]
[PlyCount "158"]
[EventDate "2021.09.04"]
[EventType "team-swiss"]
[EventRounds "9"]
[EventCountry "POL"]
[SourceTitle "CBM 204 Extra"]
[Source "ChessBase"]
[SourceDate "2021.11.30"]
[SourceVersion "1"]
[SourceVersionDate "2021.11.30"]
[SourceQuality "1"]
[WhiteTeam "Myslenice MAT"]
[BlackTeam "Bydgoszcz Wiartrak"]
[WhiteTeamCountry "POL"]
[BlackTeamCountry "POL"]

1. Nf3 d5 2. g3 Nf6 3. Bg2 Bf5 4. d3 h6 5. c4 c6 6. Qb3 Qc8 7. 0-0 e6 8. Nc3 Be7 9. Bd2 0-0 10. Rac1 Nbd7 11. d4 Nb6 12. cxd5 exd5 13. Ne5 Bd6 14. Rfe1 Qe6 15. e4 dxe4 16. Nxe4 Nxe4 17. Bxe4 Qxb3 18. axb3 Bxe4 19. Rxe4 Nd5 20. Bc3 Rfe8 21. Ree1 Re7 22. Nd3 Rae8 23. Kf1 Kf8 24. Rxe7 Rxe7 25. Re1 f6 26. Rxe7 Kxe7 27. Ke2 Ke6 28. Bd2 h5 29. Nc5+ Bxc5 30. dxc5 Ke5 31. Kd3 g5 32. f3 Kf5 33. Kd4 Nc7 34. Kd3 Ne6 35. b4 Nc7 36. Bc3 Nb5 37. Ke3 Nc7 38. Kd3 Nd5 39. Kd4 a6 40. Kd3 Ne7 41. Ke3 Ng6 42. Kd3 Ne7 43. Ke3 Nd5+ 44. Kd4 h4 45. Kd3 h3 46. Kd4 g4 47. f4 Nxf4 48. Be1 Ne2+ 49. Kd3 Ng1 50. Ke3 Nf3 51. Bc3 Nxh2 52. Kf2 Nf3 53. b3 Ke6 54. Bb2 f5 55. Bc1 Kd5 56. Be3 Ke4 57. Bf4 Kd3 58. Bc7 Kc2 59. Ba5 Kxb3 60. Kf1 Ne5 61. Kf2 Nd3+ 62. Kf1 Nxb4 63. Kf2 Nd3+ 64. Kf1 Nxc5 65. Bb6 Ne4 66. Bg1 c5 67. Ke2 c4 68. Ke3 Nxg3 69. Kf2 Ne4+ 70. Ke3 c3 71. Kf4 c2 72. Be3 h2 73. Kxf5 h1Q 74. Kxg4 c1Q 75. Bxc1 Qxc1 76. Kf5 Nd6+ 77. Ke6 Nf7 78. Kd5 Qf4 79. Kc5 Qc4+ 0-1

[Event "POL-chT 2nd League"]
[Site "Sypniewo"]
[Date "2021.09.08"]
[Round "5.17"]
[White "Uliasz, Katarzyna"]
[Black "Leszner, Liliana"]
[Result "0-1"]
[WhiteElo "1569"]
[BlackElo "1889"]
[PlyCount "48"]
[EventDate "2021.09.04"]
[EventType "team-swiss"]
[EventRounds "9"]
[EventCountry "POL"]
[SourceTitle "CBM 204 Extra"]
[Source "ChessBase"]
[SourceDate "2021.11.30"]
[SourceVersion "1"]
[SourceVersionDate "2021.11.30"]
[SourceQuality "1"]
[WhiteTeam "Myslenice MAT"]
[BlackTeam "Wolsztyn UKS Szach"]
[WhiteTeamCountry "POL"]
[BlackTeamCountry "POL"]

1. e4 g6 2. d4 Bg7 3. Nc3 d6 4. Be3 c6 5. Qd2 Nd7 6. Nf3 b5 7. Bd3 Nb6 8. h3 Bb7 9. 0-0 Nf6 10. a4 b4 11. Ne2 a5 12. Ng3 Qc7 13. Bh6 Bxh6 14. Qxh6 Nbd7 15. e5 dxe5 16. dxe5 Nxe5 17. Nxe5 Qxe5 18. Rfe1 Qxb2 19. Bxg6 fxg6 20. Qg7 0-0-0 21. Rxe7 Qxa1+ 22. Kh2 Ng4+ 23. hxg4 Qxg7 24. Rxg7 Rd7 0-1

[Event "POL-chT 2nd League"]
[Site "Sypniewo"]
[Date "2021.09.06"]
[Round "3.17"]
[White "Barwinska, Ewa"]
[Black "Uliasz, Katarzyna"]
[Result "1-0"]
[WhiteElo "1826"]
[BlackElo "1569"]
[PlyCount "117"]
[EventDate "2021.09.04"]
[EventType "team-swiss"]
[EventRounds "9"]
[EventCountry "POL"]
[SourceTitle "CBM 204 Extra"]
[Source "ChessBase"]
[SourceDate "2021.11.30"]
[SourceVersion "1"]
[SourceVersionDate "2021.11.30"]
[SourceQuality "1"]
[WhiteTeam "Kalisz KTS"]
[BlackTeam "Myslenice MAT"]
[WhiteTeamCountry "POL"]
[BlackTeamCountry "POL"]

1. e4 c5 2. Nf3 d6 3. d4 cxd4 4. Nxd4 Nf6 5. f3 g6 6. c4 Nc6 7. Nc2 Qb6 8. Nc3 Be6 9. Rb1 a6 10. Be3 Qc7 11. Qd2 Bg7 12. Be2 Rc8 13. b3 Nd7 14. 0-0 0-0 15. Rbc1 Qb8 16. Rfd1 Rfd8 17. Ne1 Nc5 18. Bf1 Kf8 19. Qf2 Ne5 20. h3 f5 21. b4 Ncd7 22. Nd5 Bxd5 23. exd5 Nf6 24. Bb6 Rd7 25. f4 Nf7 26. Nf3 Ne4 27. Qe3 Re8 28. Nd4 Bxd4 29. Qxd4 e5 30. dxe6 Rxe6 31. Bd3 Qe8 32. Qb2 Ng3 33. Bf2 Ne2+ 34. Bxe2 Rxe2 35. Rc2 Re4 36. Rd4 Re6 37. Rcd2 Kg8 38. Bh4 Rc7 39. c5 Qc6 40. Rd5 b6 41. Bf2 bxc5 42. bxc5 Rb7 43. Qa3 Rd7 44. Qg3 Rb7 45. Rxf5 Qe4 46. Rfd5 dxc5 47. Rxc5 Rb1+ 48. Kh2 Re8 49. Rdc2 Nd6 50. Qg5 Rf8 51. Qd5+ Qxd5 52. Rxd5 Ne4 53. Bd4 Rxf4 54. Rc7 Rb8 55. Rg7+ Kf8 56. Rxh7 Re8 57. Rdd7 Nf6 58. Rh8+ Ng8 59. Bg7# 1-0

[Event "POL-chT U20 2nd League"]
[Site "Szczyrk"]
[Date "2017.07.29"]
[Round "10.71"]
[White "Uliasz, Katarzyna"]
[Black "Roszkiewicz, Zofia"]
[Result "0-1"]
[WhiteElo "1114"]
[BlackElo "1202"]
[PlyCount "34"]
[EventDate "2017.07.22"]
[EventType "team-swiss"]
[EventRounds "11"]
[EventCountry "POL"]
[SourceTitle "EXT 2019"]
[Source "ChessBase"]
[SourceDate "2018.10.10"]
[SourceVersion "1"]
[SourceVersionDate "2018.10.10"]
[SourceQuality "1"]

1. e4 c5 2. Nf3 Nc6 3. d4 cxd4 4. Nxd4 Nf6 5. Nc3 e5 6. Nde2 Bc5 7. h3 Qb6 8. Qd3 Nb4 9. Qd2 Bxf2+ 10. Kd1 Qd8 11. Qg5 0-0 12. Qxe5 d5 13. exd5 Nfxd5 14. Nxd5 Nxd5 15. Bd2 Re8 16. Qh5 Be3 17. Qf3 Nc3+ 0-1

[Event "POL-chT U20 2nd League"]
[Site "Szczyrk"]
[Date "2017.07.26"]
[Round "7.89"]
[White "Golinska, Patrycja"]
[Black "Uliasz, Katarzyna"]
[Result "0-1"]
[WhiteElo "1088"]
[BlackElo "1114"]
[PlyCount "124"]
[EventDate "2017.07.22"]
[EventType "team-swiss"]
[EventRounds "11"]
[EventCountry "POL"]
[SourceTitle "EXT 2019"]
[Source "ChessBase"]
[SourceDate "2018.10.10"]
[SourceVersion "1"]
[SourceVersionDate "2018.10.10"]
[SourceQuality "1"]

1. e4 e5 2. Nf3 Nf6 3. Nc3 d6 4. Be2 Be7 5. 0-0 h6 6. d3 0-0 7. Be3 Nc6 8. Re1 Ng4 9. Qd2 Nxe3 10. Qxe3 Bf6 11. Qd2 Re8 12. h3 Bd7 13. Nd5 Be7 14. Rad1 Be6 15. Nxe7+ Qxe7 16. a3 Qf6 17. c3 Bb3 18. Rc1 Rad8 19. c4 Ba4 20. Rb1 Ne7 21. b3 Bc6 22. b4 b6 23. b5 Bb7 24. a4 Ng6 25. Nh2 Bc8 26. Bh5 Nf4 27. Be2 Qg6 28. Bg4 h5 29. Bf3 Bxh3 30. g3 Bc8 31. Bg2 Nxg2 32. Kxg2 h4 33. Qe3 hxg3 34. Qxg3 Qxg3+ 35. Kxg3 Re6 36. f3 Rg6+ 37. Kf2 Bh3 38. Rg1 Rxg1 39. Rxg1 f6 40. Ng4 Bxg4 41. Rxg4 Kf7 42. Rh4 Kg8 43. Ke3 Ra8 44. f4 exf4+ 45. Kxf4 g5+ 46. Kg4 gxh4 47. Kxh4 Kg7 48. Kg4 Kg6 49. Kf4 Rh8 50. Ke3 f5 51. exf5+ Kxf5 52. Kd4 Ke6 53. Kc3 Ke5 54. d4+ Ke4 55. d5 Rh3+ 56. Kb4 Kd4 57. a5 Rh1 58. axb6 axb6 59. c5 Rb1+ 60. Ka4 Kc3 61. cxb6 cxb6 62. Ka3 Ra1# 0-1

[Event "POL-chT U20 2nd League"]
[Site "Szczyrk"]
[Date "2017.07.24"]
[Round "4.83"]
[White "Pawlak, Emilia"]
[Black "Uliasz, Katarzyna"]
[Result "1/2-1/2"]
[WhiteElo "1381"]
[BlackElo "1114"]
[PlyCount "161"]
[EventDate "2017.07.22"]
[EventType "team-swiss"]
[EventRounds "11"]
[EventCountry "POL"]
[SourceTitle "EXT 2019"]
[Source "ChessBase"]
[SourceDate "2018.10.10"]
[SourceVersion "1"]
[SourceVersionDate "2018.10.10"]
[SourceQuality "1"]

1. e4 e5 2. Nf3 Nf6 3. Nxe5 d6 4. Nf3 Nxe4 5. Qe2 Qe7 6. d3 Nf6 7. Bg5 Be6 8. Nc3 h6 9. Bh4 g5 10. Bg3 Nc6 11. 0-0-0 0-0-0 12. Qd2 d5 13. Ne2 Qb4 14. Ne5 Qb6 15. Nxc6 Qxc6 16. Nd4 Qb6 17. Nxe6 Qxe6 18. Re1 Qc6 19. f3 Bg7 20. d4 Rhe8 21. Bd3 Nh5 22. Bf2 Nf4 23. Bf5+ Kb8 24. Bg3 Ne6 25. h4 a6 26. c3 Nxd4 27. Rxe8 Rxe8 28. Bd7 Qxd7 29. cxd4 Qc6+ 30. Kb1 Qg6+ 31. Kc1 gxh4 32. Bxh4 Qe6 33. Kb1 Qe3 34. Qc2 Qxd4 35. Bg3 Qb6 36. Rc1 Rc8 37. b3 Qg6 38. Qxg6 fxg6 39. Rd1 Rd8 40. Rc1 Rd7 41. Kc2 Kc8 42. Kd3 c6 43. Re1 b5 44. Re8+ Kb7 45. Rb8+ Ka7 46. a4 Re7 47. a5 Be5 48. Bxe5 Rxe5 49. Rh8 h5 50. Rh7+ Kb8 51. Rh8+ Kc7 52. Rh7+ Kd6 53. Ra7 Re7 54. Rxa6 Kc5 55. Rb6 Ra7 56. b4+ Kxb4 57. Rxc6 Rxa5 58. Rxg6 Kc5 59. f4 Ra8 60. g3 b4 61. Kc2 Ra2+ 62. Kb3 Ra3+ 63. Kb2 Rf3 64. Rg5 Kc4 65. Rxh5 Rxg3 66. Rh8 Rf3 67. Rc8+ Kd4 68. Rb8 Rxf4 69. Rxb4+ Ke3 70. Rb3+ Kd2 71. Rh3 Re4 72. Rh2+ Re2 73. Rh3 d4 74. Rg3 d3 75. Rg1 Re1 76. Rg2+ Re2 77. Rg1 Ke3+ 78. Kc1 Kf2 79. Rd1 Re1 80. Kd2 Re3 81. Rf1+ 1/2-1/2

[Event "POL-chT U20 2nd League"]
[Site "Szczyrk"]
[Date "2017.07.24"]
[Round "3.71"]
[White "Skolska, Emilia"]
[Black "Uliasz, Katarzyna"]
[Result "0-1"]
[WhiteElo "1282"]
[BlackElo "1114"]
[PlyCount "108"]
[EventDate "2017.07.22"]
[EventType "team-swiss"]
[EventRounds "11"]
[EventCountry "POL"]
[SourceTitle "EXT 2019"]
[Source "ChessBase"]
[SourceDate "2018.10.10"]
[SourceVersion "1"]
[SourceVersionDate "2018.10.10"]
[SourceQuality "1"]

1. e4 e5 2. Nf3 Nf6 3. Nc3 d6 4. d4 exd4 5. Nxd4 Bd7 6. Bg5 h6 7. Bh4 Be7 8. Qd3 Nc6 9. 0-0-0 0-0 10. Be2 Ne5 11. Qd2 Nfg4 12. Bxe7 Qxe7 13. Bxg4 Bxg4 14. f3 Bd7 15. Nd5 Qd8 16. Ne3 Nc6 17. g4 Qf6 18. Nd5 Qd8 19. h4 Ne7 20. Ne2 Nxd5 21. Qxd5 Rb8 22. Ng3 g6 23. e5 Be6 24. Qe4 d5 25. Qe3 Kg7 26. Ne2 c6 27. Rdg1 Qb6 28. Qd2 Rfe8 29. h5 g5 30. f4 Qd8 31. Nd4 gxf4 32. Nf5+ Kh7 33. Qxf4 Qg5 34. Qxg5 hxg5 35. Nd4 Kh6 36. Rh2 c5 37. Nxe6 Rxe6 38. Re2 f6 39. Rd1 d4 40. c3 fxe5 41. cxd4 cxd4 42. Kb1 Rd8 43. Re4 Rd5 44. Kc2 Rf6 45. Rde1 Rf4 46. Rxe5 Rxe5 47. Rxe5 Rxg4 48. Rd5 Kxh5 49. Kd3 Rg2 50. Rb5 b6 51. Kxd4 Kh4 52. Rb3 g4 53. Ke4 Rf2 54. Re3 g3 0-1

[Event "POL-chT U19 2nd League"]
[Site "Iwonicz"]
[Date "2016.07.31"]
[Round "3.42"]
[White "Orlik, Sandra"]
[Black "Uliasz, Katarzyna"]
[Result "1-0"]
[WhiteElo "1519"]
[BlackElo "1097"]
[PlyCount "149"]
[EventDate "2016.07.23"]
[EventType "team-swiss"]
[EventRounds "11"]
[EventCountry "POL"]
[SourceTitle "EXT 2019"]
[Source "ChessBase"]
[SourceDate "2018.10.10"]
[SourceVersion "1"]
[SourceVersionDate "2018.10.10"]
[SourceQuality "1"]
[WhiteTeam "Pszczyna PSSz U19"]
[BlackTeam "Krosno KKSz Urania U19"]
[WhiteTeamCountry "POL"]
[BlackTeamCountry "POL"]

1. d4 Nf6 2. Nf3 d6 3. c4 g6 4. Nc3 Bg7 5. e4 0-0 6. h3 c5 7. Be3 cxd4 8. Nxd4 Bd7 9. Qb3 Qc8 10. Be2 Nc6 11. Rd1 a6 12. f4 Nxd4 13. Bxd4 Bc6 14. Bxf6 Bxf6 15. Nd5 Bxd5 16. Rxd5 Bh4+ 17. g3 Bf6 18. Kf1 Qc6 19. Qc2 Qb6 20. b3 Bd4 21. Qd1 Bf2 22. Kg2 Qe3 23. Qd3 Qxd3 24. Rxd3 Bc5 25. Rhd1 b5 26. Bf3 Rab8 27. cxb5 axb5 28. a4 bxa4 29. bxa4 Ra8 30. Ra1 Rfb8 31. Rd2 Rb3 32. e5 Ra5 33. exd6 Bxd6 34. Rd5 Bb4 35. Rxa5 Bxa5 36. Bd1 Rb2+ 37. Kf3 Rh2 38. h4 Rh1 39. Rb1 Bc7 40. Rc1 Ba5 41. Rb1 Bc7 42. Rb7 Ba5 43. Be2 Ra1 44. Bb5 Ra3+ 45. Kf2 Ra2+ 46. Kf1 Ra1+ 47. Kg2 Ra2+ 48. Kh3 e6 49. Be8 Kf8 50. Bxf7 Rxa4 51. Bxe6 h5 52. Bf7 Be1 53. Bb3 Rb4 54. Rf7+ Ke8 55. Bd5 Rd4 56. Rf6 Kd7 57. Bc6+ Ke7 58. Rxg6 Rd6 59. Rxd6 Kxd6 60. Be8 Bc3 61. Bxh5 Bg7 62. g4 Ke6 63. f5+ Kf6 64. Bg6 Bf8 65. g5+ Kg7 66. h5 Kh8 67. f6 Kg8 68. Bd3 Bd6 69. Kg4 Bf8 70. h6 Kh8 71. Kh5 Bd6 72. g6 Be5 73. g7+ Kg8 74. Bc4+ Kh7 75. g8Q# 1-0

[Event "POL-chT U19 2nd League"]
[Site "Iwonicz"]
[Date "2016.07.31"]
[Round "9.60"]
[White "Roszkiewicz, Anna"]
[Black "Uliasz, Katarzyna"]
[Result "1-0"]
[WhiteElo "1445"]
[BlackElo "1097"]
[PlyCount "129"]
[EventDate "2016.07.23"]
[EventType "team-swiss"]
[EventRounds "11"]
[EventCountry "POL"]
[SourceTitle "EXT 2019"]
[Source "ChessBase"]
[SourceDate "2018.10.10"]
[SourceVersion "1"]
[SourceVersionDate "2018.10.10"]
[SourceQuality "1"]
[WhiteTeam "Poznan UMKS Na Pieterku U19"]
[BlackTeam "Krosno KKSz Urania U19"]
[WhiteTeamCountry "POL"]
[BlackTeamCountry "POL"]

1. e4 d5 2. exd5 Qxd5 3. Nc3 Qd6 4. d4 c6 5. Nf3 Nf6 6. h3 Bf5 7. Bd3 Bg6 8. Be3 Nbd7 9. Bxg6 hxg6 10. Qd2 e6 11. 0-0-0 Nd5 12. Bg5 Qc7 13. Bh4 Bb4 14. Qg5 Qf4+ 15. Qxf4 Nxf4 16. Bg3 Nh5 17. Ne2 Nxg3 18. Nxg3 0-0-0 19. c3 Be7 20. Ne4 Nf6 21. Neg5 Rdf8 22. Ne5 Nd5 23. Ngxf7 Rh5 24. Rd3 Bg5+ 25. Kc2 Bf4 26. g4 Rh7 27. Rf3 Bxe5 28. Nxe5 Rxf3 29. Nxf3 Rh8 30. Ng5 Rf8 31. f3 Kd7 32. Kd3 Ke7 33. h4 Nf4+ 34. Ke4 Ng2 35. Rh2 Nf4 36. c4 b6 37. Nh3 Nxh3 38. Rxh3 Kf6 39. g5+ Ke7 40. f4 Rf5 41. b4 a5 42. a3 axb4 43. axb4 b5 44. c5 Rd5 45. Ra3 Rd7 46. Ra8 Rd8 47. Rxd8 Kxd8 48. Kf3 Ke7 49. Kg4 Kf7 50. h5 gxh5+ 51. Kxh5 Ke7 52. Kg6 Kf8 53. f5 exf5 54. Kxf5 Ke7 55. Ke5 g6 56. d5 cxd5 57. Kxd5 Kd7 58. Ke5 Ke7 59. c6 Kd8 60. Kd6 Kc8 61. c7 Kb7 62. Kd7 Ka7 63. c8Q Kb6 64. Qc6+ Ka7 65. Qxb5 1-0

[Event "POL-chT U19 2nd League"]
[Site "Iwonicz"]
[Date "2016.07.31"]
[Round "10.72"]
[White "Uliasz, Katarzyna"]
[Black "Bienek, Magdalena"]
[Result "0-1"]
[WhiteElo "1097"]
[BlackElo "1071"]
[PlyCount "102"]
[EventDate "2016.07.23"]
[EventType "team-swiss"]
[EventRounds "11"]
[EventCountry "POL"]
[SourceTitle "EXT 2019"]
[Source "ChessBase"]
[SourceDate "2018.10.10"]
[SourceVersion "1"]
[SourceVersionDate "2018.10.10"]
[SourceQuality "1"]
[WhiteTeam "Krosno KKSz Urania U19"]
[BlackTeam "Czestochowa UKS Hetman U19"]
[WhiteTeamCountry "POL"]
[BlackTeamCountry "POL"]

1. e4 c5 2. c3 d5 3. e5 Nc6 4. Bb5 e6 5. Bxc6+ bxc6 6. Qa4 Bb7 7. Nf3 g6 8. 0-0 Bg7 9. Qa3 Qb6 10. d4 c4 11. b4 Ne7 12. Qb2 0-0 13. Bg5 Nf5 14. a4 h6 15. a5 Qc7 16. Bd2 g5 17. h3 f6 18. Re1 Ne7 19. exf6 Rxf6 20. Na3 Ng6 21. Nc2 Re8 22. Ne3 e5 23. dxe5 Nxe5 24. Nxe5 Rxe5 25. Ng4 Rxe1+ 26. Rxe1 Rf8 27. Qc2 Qf7 28. Be3 Bc8 29. Qe2 Bxc3 30. Rc1 Bxg4 31. Qxg4 Bxb4 32. a6 c5 33. Rb1 Qf5 34. Qxf5 Rxf5 35. g4 Rf6 36. Ra1 d4 37. Bc1 Kf7 38. Bb2 c3 39. Bc1 Rb6 40. f4 d3 41. fxg5 d2 42. Bxd2 cxd2 43. gxh6 Rxh6 44. Rf1+ Rf6 45. Rd1 c4 46. g5 Re6 47. Rf1+ Kg6 48. h4 Re1 49. h5+ Kxg5 50. h6 Rxf1+ 51. Kxf1 d1Q+ 0-1